LEADER 01346nam a2200289 i 4500 001 000000165197 003 CaOOAMICUS 005 20250404113521.0 008 071010s2007 be u000 u lat u 013 $a142565 020 $a978-2-503-52744-4 040 $aSeMil$bita 100 1 $aVictorinus, Caius Marius,$c<290-364>.$0(OLS)http://semarc/name/76044 245 10$aExplanationes in Ciceronis rhetoricam /$cMarius Victorinus ; curante CTLO, Centre traditio litterarum occidentalium. 260 $aTurnhout :$bBrepols,$c2007. 300 $a54 p. ;$c25 cm + 8 microfiches. 490 0 $aCorpus Christianorum. Instrumenta lexicologica latina. Ser. A, Formae ;$vFasc.186 500 $aSpoglio lessicale 710 2 $aCentre traditio litterarum Occidentalium.$0(OLS)http://semarc/name/59 830 0$aCorpus Christianorum. Instrumenta lexicologica latina. Ser. A, Formae ;$v186.$0(OLS)http://semarc/title/82 850 $aSeMil 852 $aSeMil$W1$xVenegono$y1$mSL2.G CC.CM.ILL 186$j255770$B116391$CSeMilBibl$Z2$F127333 $8I 961 $aSottoscrizione: Brepols 996 $6020$a978-2-503-52744-4$9(OLS)http://semarc/number/151535 996 $6245$aExplanationes in Ciceronis rhetoricam$9(OLS)http://semarc/title/235783 996 $6260$aTurnhout :$bBrepols$9(OLS)http://semarc/publisher/29626 LEADER 00806nam a2200193 4500 001 000000355304 003 CaOOAMICUS 005 20230905144245.0 008 230905s1918 it 000 u ita r 040 $aSeMil$bita 100 1 $aPerini, Carlo.$0(OLS)http://semarc/name/17218 245 13$aLa madre ai giorni nostri : $bconferenza tenuta alla Pro-Cultura /$cprof. Carlo Perini. 264 1$aMilano :$bPrem. Scuola Tip. Salesiana,$c1918. 300 $a39 p. ;$c20 cm 850 $aSeMil 852 $aSeMil$W1$xVenegono$y1$m5B IV 4/23$j243454$B246578$CSeMilBibl$Z2$F246578 $81 996 $6245$aLa madre ai giorni nostri : $bconferenza tenuta alla Pro-Cultura$9(OLS)http://semarc/title/445494 996 $6264$aMilano :$bPrem. Scuola Tip. Salesiana$9(OLS)http://semarc/publisher/61237